00442nam a2200145Ia 4500008004100000020001800041082001400059100001600073245002400089260000900113500002100122942000700143952013100150999001500281260604s9999 xx 000 0 und d a9781412974455 a001.4 KIR aKIRK935110 0aEXPERIMENTAL DESIGN bSAGE aResearch, Design cBK 00104070aIIMVbIIMVcLOCKERd2026-06-04g23628.00l0o001.4 KIRp003486r2026-06-04 10:18:01v23628.00w2026-06-04yBKBKIR c7868d7868